000 00411nab a2200145Ia 4500
003 ES-SlBCS
005 20210601134614.0
008 140529s1989 xxu||||| |||| 00| 0 spa d
041 _aspa
100 1 _aValdez, Julio
_9220340
245 0 0 _aHacia una epistemología de la creación
_c Julio Valdez
650 0 4 _aCreación
_914158
773 0 _tAnthropos
_gvol. 10, nº. 18, 1989, págs. 143
_wRev38
942 _cAR
999 _c615165
_d615165